| 000 | 00398pab a2200157 454500 | ||
|---|---|---|---|
| 008 | 180718b2008 xxu||||| |||| 00| 0 eng d | ||
| 100 | _aKoedel, Cory | ||
| 245 | _aTeacher quality and dropout outcomes in a large, urban school district | ||
| 260 | _c2008 | ||
| 300 | _ap.560-72. | ||
| 362 | _aNov | ||
| 650 | _aTeachers | ||
| 773 | _aJournal of Urban Economics | ||
| 908 | _aN | ||
| 909 | _a80658 | ||
| 999 |
_c80658 _d80658 |
||